000
00208nam a2200085 4500
001
1258558
005
20260312192550.0
245
_a
DİKKAT İCAT ÇIKABİLİR!
_c
MELİH TUĞTAĞ
260
_b
GENÇ HAYAT YAYINLARI
999
_c
1258558
_d
1258558